Steve jobs/ (Record no. 150074)
[ view plain ]
| 000 -LEADER | |
|---|---|
| fixed length control field | 00645nam a22002057a 4500 |
| 005 - DATE AND TIME OF LATEST TRANSACTION | |
| control field | 20180221145918.0 |
| 010 ## - LCCN (DPL NO) | |
| LC control number | B-689602 |
| 020 ## - INTERNATIONAL STANDARD BOOK NUMBER | |
| International Standard Book Number | 9780349140438 |
| Terms of availability | 550.00 |
| 035 ## - SYSTEM CONTROL NUMBER | |
| System control number | B-689602 |
| 037 ## - SOURCE OF ACQUISITION | |
| Stock number | dpl |
| Source of stock number/acquisition | BSB |
| 082 ## - DEWEY DECIMAL CLASSIFICATION NUMBER | |
| Classification number | 921 |
| 100 ## - MAIN ENTRY--PERSONAL NAME | |
| Personal name | Isaacson, Walter |
| 245 ## - TITLE STATEMENT | |
| Title | Steve jobs/ |
| Statement of responsibility, etc | by Walter Isaacson |
| 260 ## - PUBLICATION, DISTRIBUTION, ETC. (IMPRINT) | |
| Place of publication, distribution, etc | London |
| Name of publisher, distributor, etc | Little Brown |
| Date of publication, distribution, etc | 2011 |
| 270 ## - ADDRESS | |
| Address | 100 Victoria Embankment |
| City | London |
| 300 ## - PHYSICAL DESCRIPTION | |
| Extent | 568p. |
| Dimensions | 21cm(pbk) |
| 505 ## - FORMATTED CONTENTS NOTE | |
| Formatted contents note | Rashtrapati Bhavan |
| 942 ## - ADDED ENTRY ELEMENTS (KOHA) | |
| Source of classification or shelving scheme | Dewey Decimal Classification |
| Item type | English Books |
| Call number suffix | ISA |
| Classification part | 921 |
| Withdrawn status | Lost status | Not for loan | Collection code | Home library | Current library | Date acquired | Source of acquisition | Cost, normal purchase price | Full call number | Barcode | Copy number | Cost, replacement price | Koha item type |
|---|---|---|---|---|---|---|---|---|---|---|---|---|---|
| Non-fiction | Mobile Library | Mobile Library | 21/02/2018 | BSB/IN422/16.2.2018/EN/SPL/17-18/770/10.2.2018/16.2.2018 | 550.00 | 921 ISA | B-689602 | 1 | 550.00 | English Books |
